mysqli: Table './ulib62015/stat_globaluid' is marked as crashed and should be repaired
select id from stat_globaluid where statuid='20260518034922_3952'
mysqli: Table './ulib62015/stat_globaluid' is marked as crashed and should be repaired
DELETE FROM stat_globaluid
WHERE id NOT IN (
SELECT id
FROM (
SELECT id
FROM stat_globaluid
ORDER BY id DESC
LIMIT 100
) foo
);
mysqli: Table './ulib62015/stat_globaluid' is marked as crashed and should be repaired
insert into stat_globaluid set
statuid='20260518034922_3952',
dt='1779050962',
phpself='/ULIB62015/dublinfull.php',
agent='Mozilla/5.0 AppleWebKit/537.36 (KHTML, like Gecko; compatible; ClaudeBot/1.0; +claudebot@anthropic.com)',
yea='2026',
mon='5',
dat='18',
ip='216.73.216.45'
mysqli: Table './ulib62015/stathist_viewbib_bib_type' is marked as crashed and should be repaired
insert into stathist_viewbib_bib_type set
dat='18' ,
mon='05' ,
yea='2026' ,
statuid='20260518034922_3952' ,
head='13399121702' ,
foot='marc' ,
dt='1779050962'
| LEADER : 00000nam 2200000uu 4500 |
| 001 13399121702 |
| 003 ULIB |
| 008 161018s2558||||th 000 0 tha d |
| 020 ^a9786163651464
|
| 099 ^aนว^bม738พ 2558
|
| 100 0 ^aเมธีญา
|
| 245 10 ^aเพลิงแค้นสีชมพู /^cเมธีญา
|
| 260 ^aกรุงเทพฯ :^bทัช,^c2558.
|
| 300 ^a376 หน้า ;^c21 ซม.
|
| 650 0 ^aนวนิยายไทย
|
| 945 ^p270^l0^i024375 |
| 999 ^a57066
|
| คุณยังไม่ได้ล็อกอิน คุณสามารถมีกิจกรรมร่วมกับเว็บไซต์ได้ แต่ต้องล็อกอินก่อน :: |
|
|
|
| ลำดับที่ |
ประเภท |
เลขเรียก/บาร์โค้ด |
สถานที่ |
สถานะ |
| 1. |
 นวนิยาย | นว ม738พ 2558 Barcode: 024375 | นวนิยาย | บนชั้น ขอยืม |
| Note:อภินันทนาการโดย ครูน้อย 2559 |
รายการใกล้เคียง
หัวเรื่อง [นวนิยายไทย]
|
|
ยังไม่เคยถูกคอมเมนท์
|
| คอมเมนท์ทรัพยากรรายการนี้ |
|